Stati per minore densità di popolazione - Europa - Statistics

Statistiche generali
  • Questo quiz è stato fatto 10 volte
  • Il punteggio medio è 9 su 10
Statistiche sulle risposte
Densità (popolazione per km²) Nazione % Corretto
16 Finlandia
100%
14 Norvegia
100%
24 Svezia
100%
29 Estonia
89%
4 Islanda
89%
28 Lettonia
89%
42 Lituania
89%
46 Bielorussia
78%
61 Ucraina
78%
45 Montenegro
44%
Nessun quiz corrispondente trovato
Distribuzione punteggi
Percentuale di utenti per punteggio
Percentile per numero di risposta
I tuoi punteggi nel tempo
Non hai fatto questo quiz